Тысяча ударов меча: Фантастические повести

التفاصيل البيبلوغرافية
المؤلف الرئيسي: Вартанов С. Степан
اللغة:الروسية
منشور في: Москва, АСТ, 2000
سلاسل:Звездный лабиринт
الموضوعات:
التنسيق: MixedMaterials كتاب
KOHA link:https://koha.lib.tpu.ru/cgi-bin/koha/opac-detail.pl?biblionumber=22872

MARC

LEADER 00000nam0a2200000 4500
001 22872
005 20231030194931.0
010 |a 5237045146 
035 |a (RuTPU)RU\TPU\book\23086 
035 |a BOOK00000850 
090 |a 22872 
100 |a 20011209d2000 m y0rusy50 ca 
101 0 |a rus 
102 |a RU 
105 |a y z 000ay 
200 1 |a Тысяча ударов меча  |e Фантастические повести  |f С. Вартанов 
210 |a Москва  |c АСТ  |d 2000 
215 |a 448 с. 
225 1 |a Звездный лабиринт 
610 1 |a повести 
610 1 |a фантастика 
610 1 |a приключения 
675 |a Р2  |v 3 
700 1 |a Вартанов  |b С.  |g Степан 
801 0 |a RU  |b 63413507  |c 20011209  |g PSBO 
801 2 |a RU  |b 63413507  |c 20080918  |g PSBO 
942 |c BK